Avropa şəhərləri - Armageddon - Statistics

General Stats
  • This quiz has been taken 19 times
  • The average score is 12 of 50
Answers on the Grid
Answers color-coded by a green-red scale on the quiz's grid according to % correct below.
Milan
Paris
Los-Anceles
Tehran
Valensiya
Berlin
Kopenhagen
Santyaqo
Rabat
Helsinki
Bəsrə
London
Buxara
Bordo
Mayami
Cenevrə
Havana
İslamabad
Şanxay
Bişkek
Kiyev
Tiraspol
Naqasaki
Bilbao
Lion
Quadalaxara
Tirana
Buxarest
Verona
Amman
Rio-de-Janeyro
Çikaqo
Aktau
Kaunas
Atlanta
Təl-Əviv
Vyana
Sebu
Köln
Madrid
Gent
Banqkok
Daşkənd
Utrext
Laqos
Bağdad
Split
Reykyavik
Hyuston
Riqa
Drezden
Buenos-Ayres
Osaka
Pretoriya
Bratislava
Rotterdam
Praqa
Varşava
Haaqa
Doha
Sarayevo
Yaunde
Dakar
Luanda
Qlazqo
İsfahan
Qahirə
Lund
Dublin
Klivlend
Belqrad
Edinburq
Cakarta
Kork
Qəndəhar
Minsk
Boqota
Lima
Bern
Toronto
Barselona
Palermo
Kasablanka
Bergen
Tampere
Vankuver
Sidney
Yurmala
Herat
Manaqua
Krakov
Hamburq
Roma
Beyrut
Malaqa
Pekin
Karakas
Dəməşq
Zaqreb
 
Answer Stats
Answer % Correct
Milan
100%
Paris
100%
Berlin
63%
Kopenhagen
63%
Lion
50%
Madrid
50%
Valensiya
50%
Cenevrə
38%
Helsinki
38%
Köln
38%
London
38%
Tirana
38%
Varşava
38%
Vyana
38%
Barselona
25%
Belqrad
25%
Bordo
25%
Bratislava
25%
Buxarest
25%
Dublin
25%
Edinburq
25%
Hamburq
25%
Kiyev
25%
Riqa
25%
Rotterdam
25%
Tiraspol
25%
Verona
25%
Zaqreb
25%
Bergen
13%
Bern
13%
Bilbao
13%
Kaunas
13%
Krakov
13%
Minsk
13%
Praqa
13%
Reykyavik
13%
Roma
13%
Sarayevo
13%
Drezden
0%
Gent
0%
Haaqa
0%
Kork
0%
Lund
0%
Malaqa
0%
Palermo
0%
Qlazqo
0%
Split
0%
Tampere
0%
Utrext
0%
Yurmala
0%
No matching quizzes found
Score Distribution
Percent of People with Each Score
Percentile by Number Answered
Your Score History
You have not taken this quiz